QCM sur le cerf - Statistiques

Statistiques générales
  • Ce quiz a été pris 47 fois
  • Le résultat moyen est 8 sur 10
Statistiques - réponses
Question Réponse % Correct
Comment s’appelle le cri du cerf ? Le brame
100%
Où vit principalement le cerf élaphe en France ? Forêts et grands massifs boisés
98%
De quoi se nourrit essentiellement le cerf ? Végétaux
93%
Durant quel moment de la journée les cerfs sont le plus souvent actif ? A l'aube et au crépuscule
91%
Comment s’appelle la femelle du cerf ? La biche
91%
Lequel de ces animaux n'appartient pas à la même classe d'animaux que les cerfs ? Les antilopes
80%
De quel mot latin vient l'éthymologie du mot « cerf » ? Cervus
74%
Comment s'appelle la peau qui recouvre les bois en croissance ? Le velours
70%
Quelle est la matière principale des bois du cerf ? Tissu osseux
30%
Dans la mythologie nordique, comment s’appelle l’un des cerfs qui ronge les branches du frêne Yggdrasil ? Eikþyrnir
28%
Aucun quiz correspondant
Distribution des résultats
% des personnes avec chaque résultat
Percentile par nombre de réponses
Votre historique - résultats
Vous n’avez pas pris ce quiz